000 00473ntaaa2200193 4500
003 01
005 20251027201807.0
008 0714s1973 ag 01
040 _aAR-BaBN
_bspa
_cAR-BaBN
_eaacr
_dRIC
082 _a242.1000 C21
100 _aCarmichael, Amy
_916380
245 _aIf....
250 _a1 ed.
260 _aGrand Rapids :
_bZondervan Publishing House,
_c1965, 1967
300 _a90 p
500 _aMeditaciones
650 _ameditaciones
_95341
942 _cBK
999 _c12608
_d12608